|
|
|
|
| LEADER |
00894nam a2200265 4500 |
| 001 |
DLU210196205 |
| 005 |
##20210426 |
| 040 |
# |
# |
|a DLU
|b vie
|
| 041 |
# |
# |
|a vie
|
| 044 |
# |
# |
|a vn
|
| 100 |
# |
# |
|a Bùi Thị Phương Lan.
|
| 245 |
# |
# |
|a Một số vấn đề chính trị nổi bật của Hoa Kỳ thời điểm bầu cử 2018 /
|c Bùi Thị Phương Lan.
|
| 653 |
# |
# |
|a Đảng Cộng hòa
|
| 653 |
# |
# |
|a Đảng dân chủ
|
| 653 |
# |
# |
|a Bầu cử giữa nhiệm kỳ
|
| 653 |
# |
# |
|a Donald Trump
|
| 773 |
# |
# |
|t Châu Mỹ ngày nay
|g Số 12(249), 2018, tr. 3-11
|
| 920 |
# |
# |
|a Phòng Tạp chí -- Trung tâm Thông tin - Thư viện Trường Đại học Đà Lạt
|
| 900 |
# |
# |
|a True
|
| 911 |
# |
# |
|a Nguyễn Thị Thu Phương
|
| 925 |
# |
# |
|a G
|
| 926 |
# |
# |
|a A
|
| 927 |
# |
# |
|a BB
|
| 980 |
# |
# |
|a Thư viện Trường Đại học Đà Lạt
|